00430cam a2200181ua 45000010005000000080039000050200018000440400009000620410008000710820008000791000026000872450051001132500009001642600028001733000013002016530013002146530021002278505150205n xxk |||gr||||Z||||||eng a9780340983430 cMAIN aeng a400 aDouglas, D.,eAuthor.1 aUnderstanding language testingcBy Dan Douglas a1st. aLondon:bHodder,c2011. axv,152p. aLanguage aLanguage testing